MARC details
| 000 -LEADER |
| fixed length control field |
01861nam a22003735a 4500 |
| 003 - CONTROL NUMBER IDENTIFIER |
| control field |
OSt |
| 005 - DATE AND TIME OF LATEST TRANSACTION |
| control field |
20171112120845.0 |
| 008 - FIXED-LENGTH DATA ELEMENTS--GENERAL INFORMATION |
| fixed length control field |
170524s2011 le a frbd 001 0 mul d |
| 020 ## - INTERNATIONAL STANDARD BOOK NUMBER |
| International Standard Book Number |
9789953867502 |
| 040 ## - CATALOGING SOURCE |
| Original cataloging agency |
EG-ScBUE |
| Language of cataloging |
eng |
| Transcribing agency |
EG-ScBUE |
| Modifying agency |
EG-ScBUE |
| 041 0# - LANGUAGE CODE |
| Language code of text/sound track or separate title |
eng |
| -- |
ara |
| 082 04 - DEWEY DECIMAL CLASSIFICATION NUMBER |
| Classification number |
327.03927 |
| Item number |
ABD |
| Edition number |
22 |
| 100 1# - MAIN ENTRY--PERSONAL NAME |
| Personal name |
Abdallah, Hassan. |
| 245 12 - TITLE STATEMENT |
| Title |
A dictionary of international relations & conference terminology : |
| Remainder of title |
English - Arabic : with English and Arabic indexes and appendices / |
| Statement of responsibility, etc |
by Hassan Abdallah. |
| 246 35 - VARYING FORM OF TITLE |
| Title proper/short title |
قاموس مصطلحات العلاقات والمؤتمرات الدولية : |
| Remainder of title |
إنجليزي - عربي : مع فهارس وملاحق بالإنجليزية والعربية |
| 246 3# - VARYING FORM OF TITLE |
| Title proper/short title |
A dictionary of international relations and conference terminology : |
| Remainder of title |
English - Arabic : with English and Arabic indexes and appendices |
| 250 ## - EDITION STATEMENT |
| Edition statement |
New Impression. |
| 260 ## - PUBLICATION, DISTRIBUTION, ETC. (IMPRINT) |
| Place of publication, distribution, etc |
Beirut : |
| Name of publisher, distributor, etc |
Librairie du Liban, |
| Date of publication, distribution, etc |
2011. |
| 300 ## - PHYSICAL DESCRIPTION |
| Extent |
xx, 654 p. ; |
| Dimensions |
24 cm. |
| 500 ## - GENERAL NOTE |
| General note |
FAO and Hassan Abd Allah, First published 1982. |
| 500 ## - GENERAL NOTE |
| General note |
"Published by arrangement with the Food and Agriculture Organization of the United Nations in collaboration with the League of Arab States." |
| 504 ## - BIBLIOGRAPHY, ETC. NOTE |
| Bibliography, etc |
Includes bibliographical references and indexes. |
| 546 ## - LANGUAGE NOTE |
| Language note |
Text in English and Arabic. |
| 650 #7 - SUBJECT ADDED ENTRY--TOPICAL TERM |
| Topical term or geographic name as entry element |
International relations |
| Form subdivision |
Dictionaries |
| General subdivision |
Arabic. |
| Source of heading or term |
BUEsh |
| 650 #7 - SUBJECT ADDED ENTRY--TOPICAL TERM |
| Topical term or geographic name as entry element |
International organization |
| Form subdivision |
Dictionaries |
| General subdivision |
Arabic |
| Source of heading or term |
BUEsh |
| 650 #7 - SUBJECT ADDED ENTRY--TOPICAL TERM |
| Topical term or geographic name as entry element |
Congresses and conventions |
| Form subdivision |
Dictionaries |
| General subdivision |
Arabic |
| Source of heading or term |
BUEsh |
| 650 #7 - SUBJECT ADDED ENTRY--TOPICAL TERM |
| Topical term or geographic name as entry element |
English language |
| Form subdivision |
Dictionaries |
| General subdivision |
Arabic |
| Source of heading or term |
BUEsh |
| 9 (RLIN) |
13838 |
| 650 #7 - SUBJECT ADDED ENTRY--TOPICAL TERM |
| Topical term or geographic name as entry element |
Arabic language |
| Form subdivision |
Dictionaries |
| General subdivision |
English |
| Source of heading or term |
BUEsh |
| 9 (RLIN) |
5758 |
| 651 ## - SUBJECT ADDED ENTRY--GEOGRAPHIC NAME |
| Source of heading or term |
BUEsh |
| 653 ## - INDEX TERM--UNCONTROLLED |
| Resource For college |
Generalities |
| -- |
|
| -- |
BAEPS, Political Science |
| Arrived date list |
May2017 |
| -- |
August2017 |
| 710 2# - ADDED ENTRY--CORPORATE NAME |
| Corporate name or jurisdiction name as entry element |
Food and Agriculture Organization of the United Nations. |
| 710 2# - ADDED ENTRY--CORPORATE NAME |
| Corporate name or jurisdiction name as entry element |
League of Arab States. |
| 942 ## - ADDED ENTRY ELEMENTS (KOHA) |
| Source of classification or shelving scheme |
Dewey Decimal Classification |